[Event "Mallorca-ch C"]
[Site "Palma de Mallorca"]
[Date "2018.11.24"]
[Round "5.8"]
[White "Ferrer Mygina, Juan"]
[Black "Bujosa Mas, Miquel"]
[Result "1-0"]
[WhiteElo "1574"]
[BlackElo "1520"]
[PlyCount "75"]
[EventDate "2018.11.10"]
[EventType "swiss"]
[EventRounds "6"]
[EventCountry "ESP"]
[SourceTitle "EXT 2024"]
[Source "ChessBase"]
[SourceDate "2023.10.10"]
[SourceVersion "1"]
[SourceVersionDate "2023.10.10"]
[SourceQuality "1"]

1. e4 c5 2. Nf3 Nc6 3. d4 cxd4 4. Nxd4 Nf6 5. Nc3 g6 6. Be3 d6 7. f3 Bg7 8. Qd2 Nxd4 9. Bxd4 0-0 10. 0-0-0 a6 11. g4 Be6 12. g5 Nd7 13. Bxg7 Kxg7 14. Qd4+ Kg8 15. h4 Qa5 16. Bh3 Ne5 17. f4 Nc6 18. Qa4 b5 19. Qxa5 Nxa5 20. f5 gxf5 21. exf5 Bd7 22. Nd5 Nc6 23. Rhe1 Rae8 24. Re3 Ne5 25. f6 e6 26. Ne7+ Kh8 27. b3 Nc6 28. Nxc6 Bxc6 29. Rxd6 Rc8 30. h5 h6 31. g6 Bd5 32. g7+ Kg8 33. gxf8Q+ Kxf8 34. Rxa6 Rc5 35. Rd6 Bc6 36. Rd8+ Be8 37. Bxe6 Rxh5 38. Bh3 1-0

[Event "Santa Margalida Mallorca-ch"]
[Site "Santa Margalida"]
[Date "2016.11.11"]
[Round "1"]
[White "Gaitan Moyano, Juan Jose"]
[Black "Bujosa Mas, Miquel"]
[Result "1-0"]
[WhiteElo "1988"]
[BlackElo "1415"]
[PlyCount "55"]
[EventDate "2016.11.11"]
[EventType "swiss"]
[EventRounds "8"]
[EventCountry "ESP"]
[SourceTitle "EXT 2018"]
[Source "ChessBase"]
[SourceDate "2017.10.13"]
[SourceVersion "1"]
[SourceVersionDate "2017.10.13"]
[SourceQuality "1"]

1. e4 e6 2. d4 d5 3. Nd2 c5 4. Ngf3 Nc6 5. Bb5 Bd7 6. c3 a6 7. Bd3 c4 8. Bc2 Be7 9. 0-0 Nf6 10. e5 Nh5 11. Ne1 g6 12. f4 Ng7 13. Qe2 0-0 14. Ndf3 f6 15. exf6 Bxf6 16. Bd2 Qc7 17. Ne5 Nxe5 18. fxe5 Be7 19. Nf3 Rf7 20. Ng5 Rxf1+ 21. Rxf1 Rf8 22. Rxf8+ Bxf8 23. Qf3 Nf5 24. g4 Nh6 25. Nxh7 Kxh7 26. Qxf8 Ng8 27. Bxg6+ Kh8 28. Bg5 1-0

[Event "Balears-ch U16"]
[Site "Mallorca"]
[Date "2016.05.21"]
[Round "4.5"]
[White "Bujosa Mas, Miquel"]
[Black "Paris Tur, Joan"]
[Result "1-0"]
[WhiteElo "1477"]
[BlackElo "1166"]
[PlyCount "67"]
[EventDate "2016.05.20"]
[EventType "swiss"]
[EventRounds "5"]
[EventCountry "ESP"]
[SourceTitle "EXT 2024"]
[Source "ChessBase"]
[SourceDate "2023.10.10"]
[SourceVersion "1"]
[SourceVersionDate "2023.10.10"]
[SourceQuality "1"]

1. d4 e6 2. g3 d5 3. Nf3 c5 4. Bg2 Nc6 5. 0-0 Qb6 6. dxc5 Bxc5 7. Nc3 Be7 8. e3 Nf6 9. Nd4 Nxd4 10. Qxd4 Qxd4 11. exd4 0-0 12. Bf4 Bd7 13. Nd1 Bc6 14. Ne3 Nd7 15. Rfc1 Rfd8 16. c4 Nb6 17. c5 Nd7 18. Bf1 f6 19. Bc7 Rdc8 20. Ba5 e5 21. Nf5 Re8 22. b4 a6 23. a4 Nb8 24. b5 Bd7 25. Nd6 Bxd6 26. cxd6 exd4 27. Bc7 axb5 28. Bxb5 Nc6 29. Bxc6 Bxc6 30. Rxc6 bxc6 31. d7 Kf7 32. dxe8Q+ Kxe8 33. Bb6 Kd7 34. Bc5 1-0

[Event "Palma Bellon Memorial U16"]
[Site "Palma"]
[Date "2016.04.30"]
[Round "5"]
[White "Bujosa Mas, Miquel"]
[Black "Amengual Perello, Jordi"]
[Result "0-1"]
[WhiteElo "1477"]
[BlackElo "1406"]
[PlyCount "108"]
[EventDate "2016.04.29"]
[EventType "swiss"]
[EventRounds "6"]
[EventCountry "ESP"]
[SourceTitle "EXT 2024"]
[Source "ChessBase"]
[SourceDate "2023.10.10"]
[SourceVersion "1"]
[SourceVersionDate "2023.10.10"]
[SourceQuality "1"]

1. e4 e5 2. Nf3 Nf6 3. Nc3 Nc6 4. d4 exd4 5. Nxd4 d6 6. Be2 g6 7. Bg5 Be6 8. Nxe6 fxe6 9. Bb5 Bg7 10. 0-0 0-0 11. Bxc6 bxc6 12. e5 dxe5 13. Qe2 Qe7 14. Qxe5 Qd6 15. Qxd6 cxd6 16. Rad1 Rad8 17. Rd3 Rf7 18. Ne4 d5 19. Rfd1 Nxe4 20. Bxd8 Nxf2 21. Rf1 Nxd3 22. Rxf7 Kxf7 23. cxd3 Bxb2 24. Kf1 Ke8 25. Bg5 Kd7 26. Be3 a6 27. Ke2 Kd6 28. Kf3 Ke5 29. Kg4 Bd4 30. Bf4+ Kf6 31. a4 c5 32. Bc7 c4 33. dxc4 dxc4 34. Bd8+ Kf7 35. Kf3 e5 36. Ke4 c3 37. Kd3 Ke6 38. Ba5 Kd5 39. Bxc3 e4+ 40. Kc2 Bxc3 41. Kxc3 e3 42. Kd3 e2 43. Kxe2 Kc4 44. h3 Kb4 45. Kd3 Kxa4 46. Kc4 a5 47. g3 g5 48. g4 h6 49. Kc3 Kb5 50. Kb3 Kc5 51. Ka4 Kd4 52. Kxa5 Ke4 53. Kb4 Kf4 54. Kc3 Kg3 0-1